| 000 | 00973nac a22003137a 4500 | ||
|---|---|---|---|
| 001 | BR7904108 | ||
| 003 | BR-BrBNA | ||
| 005 | 20240105114444.0 | ||
| 008 | 230509b bl.|||m| |||| 00| 0 por d | ||
| 040 |
_aBR-BrBNA _bpor _cBiblioteca Nacional de Agricultura |
||
| 072 | _aF28; N20 | ||
| 090 | _aF28 BR7904108 | ||
| 100 | 1 | _aFerraz, A.F. | |
| 100 | 1 | _aBertini, K. | |
| 100 | 1 | _aBellinazzi Junior, R. | |
| 100 | 1 | _aSalvio Netto, J. | |
| 100 | 1 | _aTesta, A. | |
| 110 | 1 | _aCoordenadoria de Assistencia Tecnica Integral, Campinas, SP (Brasil) | |
| 245 | 1 | _aUso do trator no controle a erosao | |
| 250 | 1 | _a3. ed. | |
| 260 | 3 |
_aCampinas, SP (Brasil): _c1979. |
|
| 300 | _a30 p. | ||
| 490 |
_aInstrucoes Praticas - Coordenadoria de Assistencia Tecnica Integral (Brazil) _vno. 153 _xISSN 0100-5111 |
||
| 650 | _aTRATOR | ||
| 650 | _aRECUPERACAO DO SOLO | ||
| 650 | _aEROSAO DO SOLO | ||
| 909 |
_a202312 _bLúcia Elande _c55 _dLúcia Elande |
||
| 942 |
_2AGRIS _n0 _cMS |
||
| 999 |
_c269455 _d269455 |
||